000 00526nam a2200205Ia 4500
999 _c41506
_d41506
001 8173
003 GE_BSU
005 20240402105146.0
008 181216s2011||||enk|||||||||||||| ||eng||
020 _a9786086514334
040 _cGE_BSU
041 _aeng
080 _a94(411.16) J-23
100 _aJanev, Vladimir
_921677
245 4 _aThe Jews in macedonia XV-XVII century /
_cVladimir Janev
264 _a?
_b?
_c2011.
300 _a317 p;
_c21 cm.
653 _aThe Jews in macedonia XV-XVII century
942 _cBK
_2udc